مكتبة جامعة عجلون الوطنية

فهرس بحث المكتبة

Normal view MARC view
  • Morse, Wayne / Davis, James R / Hartgraves,Ai L

Entry Personal Name

Number of records used in: 1

001 - CONTROL NUMBER

  • control field: 3361

003 - CONTROL NUMBER IDENTIFIER

  • control field: JO-AjAnu

005 - DATE AND TIME OF LATEST TRANSACTION

  • control field: 20230606070844.0

008 - FIXED-LENGTH DATA ELEMENTS

  • fixed length control field: 230606|| aca||aabn | a|a d

040 ## - CATALOGING SOURCE

  • Original cataloging agency: JO-AjAnu
  • Transcribing agency: JO-AjAnu

100 ## - HEADING--PERSONAL NAME

  • Personal name: Morse, Wayne / Davis, James R / Hartgraves,Ai L

670 ## - SOURCE DATA FOUND

  • Source citation: Work cat.: (JO-AjAnu)1756: Morse, Wayne / Davis, James R / Hartgraves,Ai L, author, Management Accounting : A Strategic Apporach